=LDR 00000nam 2200000 4500 =001 INLIS000000000044486 =005 20131008105930 =008 ***********************************Ind, Eng** =035 ##$$0010-101300000002408 =041 ##$$a Ind, Eng =082 ##$$a 764 =090 ##$$a 764 , Gal s =100 ##$$a Galleons =245 ##$$a Spain and The Moluccas =850 ##$$a NBPNMAT